000 00364nam a2200145Ia 4500
008 230917s9999||||xx |||||||||||||| ||und||
040 _e47151
_aMAIN
041 _aEnglish
082 _a822.33 S15K
100 _aShakespeare, William
245 0 _aKing Richard the second
260 _aLondon
_bUniversity of London Press
_c1966
300 _a151 p.
942 _cBK
999 _c67809
_d67809